000 01309cad a22002775a 4500
001 L139906
008 070820s2007 xxkd f s 000 0 eng d
035 _a(Sirsi) u139906
041 0 _aeng
050 0 4 _a332.6324 $2 18
100 1 _aChin, Henry
245 0 0 _aGlobal real estate securities
_bthe emergence of a discrete asset class
_h[electronic resource]
260 _aLondon
_bRREEF
_c2007
520 _aDiscusses the emergence of the global real estate securities market and addresses some of the key issues facing the market as it becomes global. Explains the recent growth and performance behaviour of the market, investigates the case for investing in global real estate securities, and highlights trends and prospects for the sector at a global level and in North America, Europe and Asia Pacific.
590 _aKA
651 4 _aInternational
690 _aPROPERTY-COMMERCIAL PROPERTY-COMMERCIAL PROPERTY MARKET
690 _aPROPERTY-PROPERTY FINANCE AND INVESTMENT-REAL ESTATE INVESTMENT TRUSTS
700 1 _aTopintzi, Ermina
700 1 _aHobbs, Peter
700 1 _aMansour, Asieh
700 1 _aYen Keng, Tan
710 2 _aDeutsche Bank
_bRREEF
_bReal Estate Research
_95322
856 4 0 _uhttps://www.rreef.com
_zView the report free of charge at www.rreef.com...
942 _n0
999 _c107371
_d107371